|
|
|
|
| LEADER |
02069nam a2200325 a 4500 |
| 001 |
9362916 |
| 003 |
BD-DhAAL |
| 005 |
20251008161701.0 |
| 008 |
090729r20052001nyua 001 0 eng d |
| 010 |
|
|
|a 60016810
|
| 020 |
|
|
|a 8123907370
|
| 040 |
|
|
|a DLC
|c CtW
|d OCoLC
|d Uk
|d DLC
|d BD-DhAAL
|
| 082 |
|
|
|a 615.19
|2 22
|
| 100 |
1 |
|
|a Higuchi, Takeru,
|d 1918-
|e ed.
|9 43772
|
| 245 |
1 |
0 |
|a Practical Physical Pharmacy :
|b as per B. pharm syllebus of varrious universities and educational Governing bodies /
|c R.S.Gaud and G. D. Gupta.
|
| 260 |
|
|
|a New Delhi :
|b CBS publishers & distributors,
|c 2001 (Reprinted 2005)
|
| 300 |
|
|
|a xiv, 238 pages :
|b illustrations ;
|c 24 cm.
|
| 526 |
|
|
|x Mustak Ibn Ayub
Department of Mathematics and Natural Sciences
Course name and no. "not available"
|
| 541 |
1 |
|
|e 00018875
|
| 650 |
|
0 |
|a Chemistry, Analytic.
|9 43773
|
| 650 |
|
0 |
|a Pharmaceutical chemistry.
|9 43774
|
| 650 |
|
0 |
|a Pharmacy.
|9 43775
|
| 700 |
2 |
|
|a Brochmann-Hanssen, Einar,
|e joint ed.
|9 43776
|
| 700 |
1 |
|
|a Bodin, Jerome Irwin,
|d 1930-
|9 43777
|
| 852 |
4 |
|
|a Ayesha Abed Library
|j General shelf
|
| 942 |
|
|
|2 ddc
|c BK
|
| 999 |
|
|
|c 2959
|d 2959
|
| 952 |
|
|
|0 0
|1 0
|2 ddc
|4 0
|6 615_190000000000000_HIG_2005
|7 0
|9 2675
|a BRACUL
|b BRACUL
|c GEN
|d 2009-08-18
|e Parash Publishers
|g 370.00
|l 0
|o 615.19 HIG
|p 3010018875
|r 2009-08-18
|t 1
|v 740.00
|w 2009-08-18
|y BK
|x Requisitioned by Mustak Ibn Ayub, Department of Mathematics and Natural Sciences, Course name and no. "not available"
|
| 952 |
|
|
|0 0
|1 0
|2 ddc
|4 0
|6 615_190000000000000_HIG_2005
|7 0
|9 3423
|a BRACUL
|b BRACUL
|c GEN
|d 2009-09-03
|e Parash Publishers
|g 370.00
|l 0
|o 615.19 HIG
|p 3010018876
|r 2009-09-03
|t 2
|v 740.00
|w 2009-09-03
|y BK
|x Requisitioned by Mustak Ibn Ayub, Department of Mathematics and Natural Sciences, Course name and no. "not available"
|
| 952 |
|
|
|0 0
|1 0
|2 ddc
|4 0
|6 615_190000000000000_HIG_2005
|7 0
|9 10097
|a BRACUL
|b BRACUL
|c GEN
|d 2010-05-12
|e Parash Publishers
|g 370.00
|l 1
|o 615.19 HIG
|p 3010018877
|r 2013-07-10
|s 2013-07-09
|t 3
|v 740.00
|w 2010-05-12
|y BK
|x Requisitioned by Mustak Ibn Ayub, Department of Mathematics and Natural Sciences, Course name and no. "not available"
|